LEADER 01328nam a2200289 u 4500 001 000000000915 003 CaOOAMICUS 005 20141001115108.0 008 940517s1940 fr u000 u fre u 035 $a10019852 040 $aCarP$bita$dCStRLIN$dPUL(R) 100 1 $aFawtier, Robert,$d1885-1966.$0(OLS)http://pul/name/1034 245 12$aL'Europe occidentale de 1270 à 1380.$n1,$pDe 1270 à 1328 /$cRobert Fawtier. 260 $aParis :$bPresses Universitaires de France,$c1940. 300 $a460 p. ;$c26 cm 490 1 $aHistoire générale.$aHistoire du Moyen Age ;$v6, I p. 504 $aBibliografia in nota. 651 0$aEurope$xHistory$y476-1492.$2//eng$0(OLS)http://pul/subject/1020 651 0$aEurope$xPolitics and government$y476-1492.$2//eng$0(OLS)http://pul/subject/222 830 0$aHistoire générale.$pHistoire du Moyen Age ;$v6, I p.$0(OLS)http://pul/title/1345 850 $aPUL 852 $aPUL$W1$xDP2 Filosofia 1$y62$m101(1) B 12$j1188$nBK-PRI$qStampati$B1188$CPULBib$Z2$F1188 $H13188 $82 941 1 $a8 961 $aINV: 13188 983 0$aHistoire du Moyen Age. 996 $6245$aL'Europe occidentale de 1270 à 1380.$n1,$pDe 1270 à 1328$9(OLS)http://pul/title/1344 996 $6260$aParis :$bPresses Universitaires de France$9(OLS)http://pul/publisher/47940 LEADER 01221nam a2200313 a 4500 001 000000122298 003 CaOOAMICUS 005 20100621144050.0 008 100621t2002 it u000 u ita r 020 $a88-15-08298-0 040 $aPUL$bita$dReb 041 1 $aita$hger 082 04$a909 100 1 $aJung, Matthias.$0(OLS)http://pul/name/53042 240 10$aErmeneutik zur einfuhrung$lItaliano.$0(OLS)http://pul/title/153973 245 12$aL'ermeneutica /$cMatthias Jung. 260 $aBologna :$bIl Mulino,$c©2002. 300 $a170 p. ;$c21 cm. 490 1 $aUniversale paperbacks Il Mulino ;$v421 504 $aBibliografia p. 153-158. 650 4$aErmeneutica.$0(OLS)http://pul/subject/438 830 0$aUniversale paperbacks Il Mulino ;$v421.$0(OLS)http://pul/title/190 850 $aPUL 852 $aPUL$W1$xDP2 Filosofia 3$y112$m909 COLL 2.421$j140410$qDDC 21$B139552$CPULBib$Z2$F139552 $H114234 $82 941 1 $a9 996 $6020$a88-15-08298-0$9(OLS)http://pul/number/144645 996 $6082$a909$9(OLS)http://pul/classification/566 996 $6245$aL'ermeneutica$9(OLS)http://pul/title/153972 996 $6260$aBologna :$bIl Mulino$9(OLS)http://pul/publisher/47928